Správa z podujatí prednášky na PHF EU Košice - týždeň vedy a techniky na Slovensku 2022
Guardado en:
| Autor principal: | |
|---|---|
| Otros Autores: | , , |
| Formato: | Capítulo de libro |
| Lenguaje: | eslovaco |
| Etiquetas: |
Sin Etiquetas, Sea el primero en etiquetar este registro!
|
MARC
| LEADER | 00000naa a2200000 4500 | ||
|---|---|---|---|
| 001 | 0290109 | ||
| 005 | 20240619113302.9 | ||
| 041 | 0 | |a slo | |
| 044 | |a SK | ||
| 245 | 1 | 0 | |a Správa z podujatí prednášky na PHF EU Košice - týždeň vedy a techniky na Slovensku 2022 |c Cecília Olexová, Tomáš Ducár, Róbert Rodák, Daniel Spišák |
| 100 | 1 | |a Olexová, Cecília, 1976- | |
| 700 | 1 | |a Ducár, Tomáš | |
| 700 | 1 | |a Rodák, Róbert | |
| 700 | 1 | |a Spišák, Daniel | |